1265 1245 1468 1086 1637 1741 1171 1397 1255 1719 1048 1842 1277 1476 1339 1941 1860 1291 1775 1691 1715 1780 1656 1186 1612 1177 1506 1285 2000 1465 1518 1944 1592 1707 1612 1779 1830 1213 1735 1396 1305 1006 1593 1595 1052 1933 1465 1949 1110 1423 1052 1049 1761 1367 1663 1842 1336 1779 1139 1522 1432 1763 1330 1955 1366 1162 1580 1300 1475 1837 1430 1105 1525 1695 1256 1856 1672 1586 1329 1442 1919 1114 1818 1840 1082 1431 1354 1278 1419 1544 1190 1364 1017 1866 1490 1043 1913 1908 1573 BCNSPRNW ULIB Ver.6.0+V

เปลี่ยนเป็นภาษาไทย

Change to English
 แสดงรายละเอียดบรรณานุกรม
  กลับหน้าหลัก

Brief Record : Get Marc (ISO 2709) : E-mail record : QR code < ปิดหน้าต่าง
LEADER : 00000nam 2200000uu 4500
001    13399112164
003     ULIB
008    110729s2551||||th 000 0 tha d
020    9789740439479
050 04 HD30.2^bน319ร 2551
100 0  ชยุต อินพรหม
245 10 รอนแรมบนเส้นทางสาย KM... กม.ที่ 49-50ประสบการณ์การจัดการความรู้กับแกนนำครูโรงเรียนวิถีพุทธ /^cชยุต อินพรหม
250    พิมพ์ครั้งที่ 1
260    กรุงเทพฯ :^bสถาบันเสริมสร้างการเรียนรู้เพื่อชุมชนเป็นสุข(สรส.),^c2551
300    103 หน้า :^bภาพประกอบ
650  7 การบริหารองค์ความรู้
650  7 ครู
650  7 การเรียนรู้
710 20 สถาบันเสริมสร้างการเรียนรู้เพื่อชุมชนเป็นสุข (สรส.)
945    ^p100^l0^i024330
945    ^p100^l0^i024331
995    ทศพร
999 ^a ทศพร
รายการนี้ยังไม่มีแท็ก
คุณยังไม่ได้ล็อกอิน คุณสามารถมีกิจกรรมร่วมกับเว็บไซต์ได้ แต่ต้องล็อกอินก่อน ::
  ล็อกอิน

รายการสื่อสารสนเทศ

ลำดับที่ ประเภท เลขเรียก/บาร์โค้ด สถานที่ สถานะ
1. การศึกษาทั่วไป
การศึกษาทั่วไป
HD30.2 น319ร 2551 ฉ.2 
  Barcode: 024331
ห้องสมุดวิทยาเขตนครสวรรค์
►หนังสือทั่วไป:l:General Books
บนชั้น

รายการใกล้เคียง
    หัวเรื่อง [การบริหารองค์ความรู้]
    หัวเรื่อง [ครู]
    หัวเรื่อง [การเรียนรู้]

BibComment


ยังไม่เคยถูกคอมเมนท์

คอมเมนท์ทรัพยากรรายการนี้
  คอมเมนท์: รอนแรมบนเส้นทางสา..


 Copyright 2026. Bcnsprnw @Library